[Event "DEM U18 2006"]
[Site "Willingen GER"]
[Date "2006.06.07"]
[Round "6"]
[White "Armbrust, Florian"]
[Black "Behm, Simon"]
[Result "1/2-1/2"]
[Termination "normal"]
[Board "2"]
[WhiteElo "2272"]
[BlackElo "2243"]
[PlyCount "115"]
[WhiteFideId "4691350"]
[BlackFideId "4691962"]
[EventCountry "GER"]
[EventRounds "9"]
[EventType "swiss"]
[EventDate "2006.06.03"]

1. e4 c5 2. Nc3 Nc6 3. Bb5 Nd4 4. Bc4 e6 5. Nf3 Nf6 6. O-O a6 7. d3 b5 8. Bb3
Nxb3 9. axb3 Bb7 10. e5 b4 11. Nb1 Nd5 12. Nbd2 Be7 13. Nc4 O-O 14. Na5 Bc8 15.
d4 f6 16. exf6 Nxf6 17. Bf4 Nd5 18. Be5 cxd4 19. Nxd4 Bc5 20. Qg4 Qe7 21. Qe4
d6 22. Bg3 Qf7 23. Rad1 e5 24. Nf3 Nc7 25. Nc4 Bf5 26. Qc6 Nb5 27. Ncxe5 dxe5
28. Qxc5 Rac8 29. Qxb4 Bxc2 30. Nxe5 Qxb3 31. Qxb3+ Bxb3 32. Ra1 Rc2 33. Rxa6
Rxb2 34. Nd3 Rd2 35. Ne5 Nd4 36. Kh1 Ne2 37. Ra3 Bd5 38. f3 Rf5 39. Ng4 Bc4 40.
Ra8+ Kf7 41. Ra7+ Kg8 42. Ra8+ Kf7 43. Re1 Bd5 44. Ra7+ Kg8 45. Ne3 Nxg3+ 46.
hxg3 Re5 47. Raa1 Rd3 48. Nxd5 Rxe1+ 49. Rxe1 Rxd5 50. g4 h5 51. gxh5 Rxh5+ 52.
Kg1 Ra5 53. Kf2 Kf7 54. g4 g5 55. Rb1 Ra6 56. Rb5 Kf6 57. Kg3 Kg6 58. Rc5
1/2-1/2

[Event "DEM U18 2006"]
[Site "Willingen GER"]
[Date "2006.06.07"]
[Round "6"]
[White "Zebisch, Paul"]
[Black "Abel, Dennes"]
[Result "1-0"]
[Termination "normal"]
[Board "3"]
[WhiteElo "2039"]
[BlackElo "2268"]
[PlyCount "71"]
[WhiteFideId "24601535"]
[BlackFideId "24605417"]
[EventCountry "GER"]
[EventRounds "9"]
[EventType "swiss"]
[EventDate "2006.06.03"]

1. e4 c5 2. Nf3 Nc6 3. d4 cxd4 4. Nxd4 Nf6 5. Nc3 e5 6. Ndb5 d6 7. Bg5 a6 8.
Na3 b5 9. Nd5 Be7 10. Bxf6 Bxf6 11. c3 O-O 12. Nc2 Rb8 13. h4 Be6 14. Ncb4 Nxb4
15. Nxb4 Qb6 16. Nd5 Bxd5 17. Qxd5 Rbc8 18. Rd1 Rfd8 19. g3 Rc5 20. Qb3 Qc6 21.
Bg2 Rd7 22. O-O Bd8 23. Rd3 Bb6 24. Rfd1 Qc7 25. R1d2 Rc6 26. Qd1 b4 27. Qa4
bxc3 28. bxc3 Rd8 29. Kh2 g6 30. g4 Bc5 31. Rf3 Bb6 32. Qa3 Ba5 33. Rdd3 Rc8
34. g5 Rxc3 35. Rxc3 Bxc3 36. Bh3 1-0

[Event "DEM U18 2006"]
[Site "Willingen GER"]
[Date "2006.06.07"]
[Round "6"]
[White "Feuerstack, Aljoscha"]
[Black "Bäumler, Ilja"]
[Result "0-1"]
[Termination "normal"]
[Board "4"]
[WhiteElo "2296"]
[BlackElo "2209"]
[PlyCount "79"]
[WhiteFideId "4681932"]
[BlackFideId "4681070"]
[EventCountry "GER"]
[EventRounds "9"]
[EventType "swiss"]
[EventDate "2006.06.03"]

1. e4 e5 2. Bc4 Nf6 3. d3 Nc6 4. Nc3 Na5 5. Bb3 Nxb3 6. axb3 d5 7. exd5 Bb4 8.
Bg5 Qxd5 9. Kf1 Bxc3 10. bxc3 Bg4 11. Qd2 Nd7 12. Ra4 f5 13. c4 Qd6 14. h3 Bh5
15. g4 fxg4 16. hxg4 Bxg4 17. Rh4 Bf5 18. Ne2 Nc5 19. Ra1 O-O 20. Qc3 a6 21.
Be3 Rae8 22. Qb4 b6 23. Qa3 Bc8 24. b4 Nd7 25. Ke1 Nf6 26. b5 Qxa3 27. Rxa3 a5
28. c5 Ng4 29. Nc3 Nxe3 30. fxe3 Rf7 31. Na4 Re6 32. c4 g5 33. Rh5 Rg6 34. cxb6
cxb6 35. Nxb6 Bg4 36. Rh1 Rxb6 37. Rxa5 Rfb7 38. Kf2 h5 39. Rb1 Rf6+ 40. Kg1
0-1

[Event "DEM U18 2006"]
[Site "Willingen GER"]
[Date "2006.06.07"]
[Round "6"]
[White "Grimberg, Boris"]
[Black "Mijatovic, Vladimir"]
[Result "0-1"]
[Termination "normal"]
[Board "6"]
[WhiteElo "2140"]
[BlackElo "2213"]
[PlyCount "82"]
[WhiteFideId "4697499"]
[BlackFideId "934062"]
[EventCountry "GER"]
[EventRounds "9"]
[EventType "swiss"]
[EventDate "2006.06.03"]

1. e4 c5 2. c3 Nf6 3. e5 Nd5 4. d4 d6 5. Nf3 cxd4 6. cxd4 g6 7. Bc4 Nb6 8.
Bxf7+ Kxf7 9. Ng5+ Kg8 10. e6 h6 11. Qd3 Kg7 12. Nf7 Qc7 13. Nc3 Bxe6 14. Nxh8
Bf5 15. Qf3 Nc6 16. O-O Kxh8 17. g4 Be6 18. Re1 Bg8 19. Qh3 e5 20. dxe5 Nxe5
21. Bxh6 Qh7 22. g5 Bxh6 23. gxh6 Nd5 24. Ne4 Nf4 25. Qg3 Qxh6 26. Nxd6 Nc6 27.
Rad1 Rf8 28. Re3 Qh5 29. Rd2 Ne5 30. f3 Nc6 31. h4 Bxa2 32. Re4 Qh6 33. Re8
Rxe8 34. Nxe8 Nh3+ 35. Qxh3 Qxd2 36. Nc7 Qc1+ 37. Kg2 Qxb2+ 38. Kh1 Qc1+ 39.
Kg2 Qd2+ 40. Kh1 Qe1+ 41. Kg2 Qe2+ 0-1

[Event "DEM U18 2006"]
[Site "Willingen GER"]
[Date "2006.06.07"]
[Round "6"]
[White "Hirneise, Tobias"]
[Black "Beller, Julian"]
[Result "1-0"]
[Termination "normal"]
[Board "7"]
[WhiteElo "2210"]
[BlackElo "2108"]
[PlyCount "97"]
[WhiteFideId "24600881"]
[BlackFideId "24625868"]
[EventCountry "GER"]
[EventRounds "9"]
[EventType "swiss"]
[EventDate "2006.06.03"]

1. e4 c5 2. Nf3 e6 3. d4 cxd4 4. Nxd4 a6 5. Nc3 Qc7 6. Bd3 Nf6 7. f4 d6 8. Qf3
Be7 9. Be3 Nbd7 10. g4 g6 11. g5 Nh5 12. O-O-O b5 13. Kb1 b4 14. Nce2 Bb7 15.
Ng3 Ng7 16. h4 e5 17. Nde2 exf4 18. Nxf4 Ne5 19. Qe2 Ne6 20. Nd5 Bxd5 21. exd5
Nc5 22. Bd4 O-O 23. Bxe5 dxe5 24. Ne4 Nxe4 25. Bxe4 Bd6 26. h5 a5 27. Qh2 Ra7
28. hxg6 fxg6 29. Bxg6 Qg7 30. Be4 Rf4 31. Qg2 Qf8 32. Rde1 Rg7 33. Qh3 Qe7 34.
Qh6 Bc5 35. g6 hxg6 36. Bxg6 Kf8 37. Rhf1 Be3 38. Bd3 Rxf1 39. Rxf1+ Bf4 40.
Qh8+ Rg8 41. Qh6+ Ke8 42. Qc6+ Qd7 43. Qc5 Qd8 44. Bb5+ Kf7 45. d6 Kf6 46. d7
Rg3 47. Qc8 Ke7 48. Rh1 Rg7 49. Qxd8+ 1-0

[Event "DEM U18 2006"]
[Site "Willingen GER"]
[Date "2006.06.07"]
[Round "6"]
[White "Grünke, Paul"]
[Black "Huschenbeth, Niclas"]
[Result "0-1"]
[Termination "normal"]
[Board "9"]
[WhiteElo "1874"]
[BlackElo "2293"]
[PlyCount "84"]
[WhiteFideId "24647802"]
[BlackFideId "24604747"]
[EventCountry "GER"]
[EventRounds "9"]
[EventType "swiss"]
[EventDate "2006.06.03"]

1. e4 e5 2. Nf3 Nc6 3. Bc4 Bc5 4. b4 Be7 5. c3 Nf6 6. d3 d5 7. exd5 Nxd5 8. O-O
O-O 9. Re1 Bg4 10. h3 Bh5 11. b5 Na5 12. Rxe5 Nf6 13. Nbd2 Bd6 14. Re1 Qd7 15.
a4 c6 16. d4 Bc7 17. Bd3 Nd5 18. Ne4 f5 19. Nc5 Qd6 20. g4 fxg4 21. Re6 Nxc3
22. Bxh7+ Kh8 23. Qe1 Qd5 24. Nh4 Qxd4 25. Be3 Qc4 26. Bd3 Qb4 27. Rb1 Qa3 28.
Ra1 Qb2 29. Bd4 Ne2+ 30. Rxe2 Qxd4 31. Ne6 Qxd3 32. Nxc7 gxh3 33. Re3 h2+ 34.
Kh1 Qd4 35. Ng6+ Bxg6 36. Nxa8 Rxa8 37. Rh3+ Kg8 38. Rxh2 Qe4+ 39. Kg1 Qxe1+
40. Rxe1 Re8 41. Rc1 Be4 42. Rh4 Bd5 0-1

[Event "DEM U18 2006"]
[Site "Willingen GER"]
[Date "2006.06.07"]
[Round "6"]
[White "Krug, Kevin"]
[Black "Jahner, Marius-Florin"]
[Result "1-0"]
[Termination "normal"]
[Board "10"]
[WhiteElo "2114"]
[BlackElo "1876"]
[PlyCount "57"]
[WhiteFideId "24609110"]
[EventCountry "GER"]
[EventRounds "9"]
[EventType "swiss"]
[EventDate "2006.06.03"]

1. e4 c6 2. d4 d5 3. e5 Bf5 4. c4 dxc4 5. Bxc4 e6 6. Nc3 b5 7. Bb3 Nd7 8. a3
Nb6 9. Nge2 Ne7 10. O-O Ned5 11. Ng3 Be7 12. Nxf5 exf5 13. Qf3 Qd7 14. Qg3 g6
15. Bh6 Bf8 16. Bxf8 Kxf8 17. Rac1 Kg7 18. a4 b4 19. Nxd5 cxd5 20. a5 Nc8 21.
Rfd1 Qe6 22. Rc7 Ne7 23. Qh4 Rhe8 24. Ba4 Rac8 25. Bd7 Rxc7 26. Bxe6 fxe6 27.
Qf6+ Kg8 28. Qxe6+ Kh8 29. h4 1-0

[Event "DEM U18 2006"]
[Site "Willingen GER"]
[Date "2006.06.07"]
[Round "6"]
[White "Rafiee, Makan"]
[Black "Kaufmann, Benjamin"]
[Result "1/2-1/2"]
[Termination "normal"]
[Board "11"]
[WhiteElo "2044"]
[BlackElo "1940"]
[PlyCount "70"]
[WhiteFideId "24609340"]
[BlackFideId "24613525"]
[EventCountry "GER"]
[EventRounds "9"]
[EventType "swiss"]
[EventDate "2006.06.03"]

1. e4 e5 2. Nf3 Nc6 3. Bc4 Bc5 4. O-O Nf6 5. d4 Bxd4 6. Nxd4 Nxd4 7. f4 d6 8.
fxe5 dxe5 9. Bg5 Be6 10. Na3 Qe7 11. c3 Bxc4 12. Nxc4 Nc6 13. b4 Qe6 14. Qd3
Nd7 15. Ne3 f6 16. Nd5 Rc8 17. Bd2 O-O 18. Ne3 Rfd8 19. Nf5 Ne7 20. Qg3 Nxf5
21. Rxf5 Nf8 22. Be3 Rd3 23. Raf1 Ng6 24. h4 Rcd8 25. h5 Nf4 26. Qf2 g6 27.
hxg6 hxg6 28. Rxf4 exf4 29. Qxf4 Rd1 30. Qxc7 Rxf1+ 31. Kxf1 Qd7 32. Qxd7 Rxd7
33. Bxa7 Rd2 34. a4 Ra2 35. a5 Kf7 1/2-1/2

[Event "DEM U18 2006"]
[Site "Willingen GER"]
[Date "2006.06.07"]
[Round "6"]
[White "Ratkovitch, Dimitri"]
[Black "Friedrich, Paul-Robert"]
[Result "1-0"]
[Termination "normal"]
[Board "12"]
[WhiteElo "2083"]
[BlackElo "1985"]
[PlyCount "45"]
[WhiteFideId "24608050"]
[BlackFideId "24616036"]
[EventCountry "GER"]
[EventRounds "9"]
[EventType "swiss"]
[EventDate "2006.06.03"]

1. e4 c5 2. Nc3 Nc6 3. f4 g6 4. Nf3 Bg7 5. Bb5 Nd4 6. O-O a6 7. Bd3 Nh6 8. Nxd4
cxd4 9. Ne2 O-O 10. Bc4 e6 11. d3 f5 12. Bb3 b5 13. Bd2 Qb6 14. Kh1 a5 15. a3
Bb7 16. Ng3 Kh8 17. Qe2 Rac8 18. Rac1 Rc7 19. Qe1 Ra8 20. c4 a4 21. Ba2 bxc4
22. Bxc4 Ba6 23. Ba5 1-0

[Event "DEM U18 2006"]
[Site "Willingen GER"]
[Date "2006.06.07"]
[Round "6"]
[White "Cara, Bogdan"]
[Black "Decker, Nils"]
[Result "1-0"]
[Termination "normal"]
[Board "13"]
[WhiteElo "2027"]
[BlackElo "2001"]
[PlyCount "69"]
[EventCountry "GER"]
[EventRounds "9"]
[EventType "swiss"]
[EventDate "2006.06.03"]

1. e4 c5 2. c3 Nf6 3. e5 Nd5 4. d4 cxd4 5. Nf3 Nc6 6. cxd4 d6 7. Bc4 e6 8. O-O
Be7 9. a3 O-O 10. Qd3 Qc7 11. Qe4 Na5 12. Ba2 b5 13. Qg4 Kh8 14. Nbd2 f5 15.
exf6 Nxf6 16. Qh3 d5 17. Ne5 Kg8 18. Ndf3 Ne4 19. Bd2 Nc4 20. Rac1 Qb6 21. Bb1
Ncxd2 22. Nxd2 Qxd4 23. Nc6 Qxd2 24. Nxe7+ Kh8 25. Bxe4 dxe4 26. Ng6+ Kg8 27.
Nxf8 Kxf8 28. Qxh7 Kf7 29. Qxe4 Qd5 30. Rc7+ Kg8 31. Qg6 Bd7 32. h4 Rf8 33. Qg4
Rf7 34. Rd1 e5 35. Rxd7 1-0

[Event "DEM U18 2006"]
[Site "Willingen GER"]
[Date "2006.06.07"]
[Round "6"]
[White "Bracker, Frank"]
[Black "Wolter, Jens"]
[Result "1-0"]
[Termination "normal"]
[Board "14"]
[WhiteElo "2058"]
[BlackElo "2107"]
[PlyCount "61"]
[WhiteFideId "24614343"]
[BlackFideId "4698185"]
[EventCountry "GER"]
[EventRounds "9"]
[EventType "swiss"]
[EventDate "2006.06.03"]

1. e4 e6 2. d4 d5 3. e5 c5 4. c3 Qb6 5. Nf3 Bd7 6. a3 Bb5 7. b4 cxd4 8. Bxb5+
Qxb5 9. cxd4 Nd7 10. Nc3 Qc6 11. Na4 Nb6 12. Nxb6 axb6 13. Bb2 Ne7 14. O-O Qd7
15. Qd3 b5 16. Ne1 Nc8 17. f4 Nb6 18. f5 Nc4 19. fxe6 fxe6 20. Qe2 g6 21. Nd3
b6 22. Rf3 Bg7 23. Raf1 Rf8 24. Rxf8+ Bxf8 25. Qf3 Qe7 26. Bc1 Ra7 27. Nf4 Bg7
28. Qh3 Qf7 29. Nxe6 Qd7 30. Nxg7+ Qxg7 31. Qc8+ 1-0

[Event "DEM U18 2006"]
[Site "Willingen GER"]
[Date "2006.06.08"]
[Round "7"]
[White "Zebisch, Paul"]
[Black "Armbrust, Florian"]
[Result "1-0"]
[Termination "normal"]
[Board "1"]
[WhiteElo "2039"]
[BlackElo "2272"]
[PlyCount "79"]
[WhiteFideId "24601535"]
[BlackFideId "4691350"]
[EventCountry "GER"]
[EventRounds "9"]
[EventType "swiss"]
[EventDate "2006.06.03"]

1. e4 c5 2. Nf3 d6 3. d4 cxd4 4. Nxd4 Nf6 5. Nc3 Nc6 6. Bg5 e6 7. Qd2 Be7 8.
O-O-O Nxd4 9. Qxd4 O-O 10. f3 a6 11. h4 b5 12. Bd3 Bb7 13. h5 h6 14. Bd2 Nd7
15. g4 Bf6 16. Qxd6 Be5 17. Qa3 Qb6 18. Ne2 a5 19. Qe7 Nf6 20. g5 Bd6 21. gxf6
Bxe7 22. fxe7 Rfe8 23. Rhg1 Kh8 24. Bc3 f6 25. Nf4 e5 26. Ng6+ Kg8 27. Rg3 Ba6
28. Bd2 Ra7 29. Rdg1 Rexe7 30. Nxe7+ Rxe7 31. Bxh6 Kh7 32. Bxg7 Rf7 33. Rg6
Qe3+ 34. Kb1 Rd7 35. Bf8 Rf7 36. Rh6+ Qxh6 37. Bxh6 Kxh6 38. a4 Rb7 39. Rg6+
Kxh5 40. Rxf6 1-0

[Event "DEM U18 2006"]
[Site "Willingen GER"]
[Date "2006.06.08"]
[Round "7"]
[White "Figura, Atila Gajo"]
[Black "Bäumler, Ilja"]
[Result "1-0"]
[Termination "normal"]
[Board "2"]
[WhiteElo "2352"]
[BlackElo "2209"]
[PlyCount "103"]
[WhiteFideId "4688058"]
[BlackFideId "4681070"]
[EventCountry "GER"]
[EventRounds "9"]
[EventType "swiss"]
[EventDate "2006.06.03"]

1. d4 Nf6 2. g3 d5 3. Bg2 g6 4. Nf3 Bg7 5. O-O O-O 6. c4 c6 7. cxd5 cxd5 8. Ne5
Ne4 9. Nc3 Nxc3 10. bxc3 Nc6 11. f4 Rb8 12. Qb3 Be6 13. Ba3 Na5 14. Qa4 f6 15.
Nd3 b6 16. Bb4 Nc4 17. Qxa7 Rf7 18. Qa4 Ne3 19. Rf3 Nxg2 20. Kxg2 Bf5 21. Kg1
Be4 22. Rff1 Qc8 23. Nf2 Bf5 24. Qb5 Qb7 25. a4 e5 26. e3 Bd7 27. Qd3 Ra8 28.
Qd1 e4 29. Qb3 Bc6 30. Rfb1 Ra6 31. Nd1 Qa8 32. Nb2 Rfa7 33. c4 dxc4 34. Qxc4+
Bd5 35. Qc2 Bf8 36. Bxf8 Qxf8 37. Nd1 f5 38. Rb5 Qf7 39. Rab1 Rc7 40. Qd2 Bc6
41. Rxb6 Rxb6 42. Rxb6 Bxa4 43. d5 Rb7 44. Rxb7 Qxb7 45. d6 Kf7 46. Nc3 Bc6 47.
Qd4 Ke6 48. Qe5+ Kf7 49. Ne2 Bb5 50. Qh8 Ke6 51. Nd4+ Kxd6 52. Qe5+ 1-0

[Event "DEM U18 2006"]
[Site "Willingen GER"]
[Date "2006.06.08"]
[Round "7"]
[White "Behm, Simon"]
[Black "Frübing, Stefan"]
[Result "1/2-1/2"]
[Termination "normal"]
[Board "3"]
[WhiteElo "2243"]
[BlackElo "2233"]
[PlyCount "79"]
[WhiteFideId "4691962"]
[BlackFideId "4682165"]
[EventCountry "GER"]
[EventRounds "9"]
[EventType "swiss"]
[EventDate "2006.06.03"]

1. d4 Nf6 2. c4 g6 3. Nc3 Bg7 4. e4 d6 5. Be2 O-O 6. Nf3 e5 7. O-O Nc6 8. d5
Ne7 9. b4 a5 10. Ba3 axb4 11. Bxb4 Nd7 12. a4 Bh6 13. a5 f5 14. Nd2 Kh8 15. Ra3
Nf6 16. c5 Bxd2 17. Qxd2 Nxe4 18. Nxe4 fxe4 19. cxd6 cxd6 20. Re3 Rf4 21. g3
Rf7 22. Rxe4 b6 23. a6 Bxa6 24. Bxa6 Rxa6 25. f4 Qd7 26. Rfe1 b5 27. fxe5 Qa7+
28. Qd4 dxe5 29. Qxa7 Rxa7 30. Rxe5 Nf5 31. Rf1 h5 32. d6 Rad7 33. Rd1 Kh7 34.
Rxb5 Rf6 35. Rb6 Ne3 36. Re1 Nd5 37. Re7+ Rf7 38. Rxd7 Rxd7 39. Rb5 Nxb4 40.
Rxb4 1/2-1/2

[Event "DEM U18 2006"]
[Site "Willingen GER"]
[Date "2006.06.08"]
[Round "7"]
[White "Mijatovic, Vladimir"]
[Black "Feuerstack, Aljoscha"]
[Result "0-1"]
[Termination "normal"]
[Board "4"]
[WhiteElo "2213"]
[BlackElo "2296"]
[PlyCount "74"]
[WhiteFideId "934062"]
[BlackFideId "4681932"]
[EventCountry "GER"]
[EventRounds "9"]
[EventType "swiss"]
[EventDate "2006.06.03"]

1. e4 c5 2. Nf3 e6 3. d4 cxd4 4. Nxd4 Nf6 5. Bd3 Nc6 6. Be3 e5 7. Nxc6 dxc6 8.
O-O Ng4 9. Bd2 Bc5 10. Qf3 Be6 11. h3 Nf6 12. Nc3 O-O 13. Ne2 Nd7 14. Ng3 Kh8
15. Kh2 Bd4 16. c3 Bb6 17. Qe2 Bc7 18. Bc2 b5 19. Rfd1 Qf6 20. Be3 Rfd8 21. Kg1
Qe7 22. Qf3 f6 23. Nf5 Qf7 24. a4 a6 25. b4 Qf8 26. Qe2 Bc4 27. Bd3 Be6 28. Bc2
g6 29. Bh6 Qe8 30. Ng3 g5 31. h4 Qg6 32. hxg5 fxg5 33. Qh5 Qxh5 34. Nxh5 Bg4
35. Bg7+ Kg8 36. Nf6+ Nxf6 37. Rxd8+ Bxd8 0-1

[Event "DEM U18 2006"]
[Site "Willingen GER"]
[Date "2006.06.08"]
[Round "7"]
[White "Abel, Dennes"]
[Black "Becker, Nils"]
[Result "1-0"]
[Termination "normal"]
[Board "5"]
[WhiteElo "2268"]
[BlackElo "2165"]
[PlyCount "65"]
[WhiteFideId "24605417"]
[BlackFideId "4695216"]
[EventCountry "GER"]
[EventRounds "9"]
[EventType "swiss"]
[EventDate "2006.06.03"]

1. e4 c5 2. Nf3 Nc6 3. d4 cxd4 4. Nxd4 g6 5. c4 Nf6 6. Nc3 d6 7. Be2 Bg7 8. Be3
O-O 9. O-O Bd7 10. Nc2 a5 11. Qd2 Ne5 12. f3 Qc7 13. Na3 Rfc8 14. Rac1 Qd8 15.
Rfd1 Qf8 16. h3 Bc6 17. Nd5 Ned7 18. Nb1 h5 19. Nbc3 Kh7 20. f4 Bxd5 21. exd5
Nc5 22. Qc2 Bh6 23. Rf1 Kg8 24. Rf3 Ne8 25. Kh1 Ng7 26. g4 hxg4 27. hxg4 Ne8
28. g5 Bg7 29. f5 gxf5 30. Qxf5 e6 31. dxe6 fxe6 32. Qg6 Qe7 33. Rh3 1-0

[Event "DEM U18 2006"]
[Site "Willingen GER"]
[Date "2006.06.08"]
[Round "7"]
[White "Rehberg, Raphael"]
[Black "Hirneise, Tobias"]
[Result "0-1"]
[Termination "normal"]
[Board "6"]
[WhiteElo "2246"]
[BlackElo "2210"]
[PlyCount "46"]
[WhiteFideId "4686799"]
[BlackFideId "24600881"]
[EventCountry "GER"]
[EventRounds "9"]
[EventType "swiss"]
[EventDate "2006.06.03"]

1. e4 c5 2. Nf3 e6 3. d4 cxd4 4. Nxd4 a6 5. Nc3 Qc7 6. Bd3 Nf6 7. O-O Nc6 8.
Nxc6 dxc6 9. f4 Bc5+ 10. Kh1 e5 11. f5 h5 12. Qf3 h4 13. Be3 Bxe3 14. Qxe3 b5
15. a4 Bb7 16. axb5 cxb5 17. Rfd1 h3 18. Nxb5 hxg2+ 19. Kg1 axb5 20. Bxb5+ Ke7
21. Ra4 Rxa4 22. Bxa4 Rc8 23. Qb3 Bxe4 0-1

[Event "DEM U18 2006"]
[Site "Willingen GER"]
[Date "2006.06.08"]
[Round "7"]
[White "Grimberg, Boris"]
[Black "Siebarth, Raiko"]
[Result "1-0"]
[Termination "normal"]
[Board "7"]
[WhiteElo "2140"]
[BlackElo "2185"]
[PlyCount "47"]
[WhiteFideId "4697499"]
[BlackFideId "4674766"]
[EventCountry "GER"]
[EventRounds "9"]
[EventType "swiss"]
[EventDate "2006.06.03"]

1. d4 Nf6 2. g3 g6 3. Bg2 Bg7 4. e4 d6 5. Nc3 Nbd7 6. Nge2 c5 7. h3 Rb8 8. Be3
Qc7 9. O-O b5 10. dxc5 Nxc5 11. Nd4 Bd7 12. f4 b4 13. Nd5 Qc8 14. Nxf6+ exf6
15. Nb3 Rb6 16. Nxc5 dxc5 17. Qd5 Rc6 18. f5 O-O 19. Rad1 Rd8 20. Rf2 Bf8 21.
e5 gxf5 22. Rfd2 Be7 23. exf6 Rxf6 24. Qb7 1-0

[Event "DEM U18 2006"]
[Site "Willingen GER"]
[Date "2006.06.08"]
[Round "7"]
[White "Huschenbeth, Niclas"]
[Black "Krug, Kevin"]
[Result "0-1"]
[Termination "normal"]
[Board "8"]
[WhiteElo "2293"]
[BlackElo "2114"]
[PlyCount "80"]
[WhiteFideId "24604747"]
[BlackFideId "24609110"]
[EventCountry "GER"]
[EventRounds "9"]
[EventType "swiss"]
[EventDate "2006.06.03"]

1. e4 c6 2. Nf3 d5 3. exd5 cxd5 4. Ne5 Nc6 5. d4 Nf6 6. Bb5 Bd7 7. Nxd7 Qxd7 8.
O-O e6 9. c3 Bd6 10. Nd2 O-O 11. Nf3 a6 12. Bd3 b5 13. Qe2 Qb7 14. Ne5 Rfc8 15.
f4 g6 16. g4 Re8 17. Bd2 Nd7 18. g5 Na5 19. Rae1 Bf8 20. h4 Nc4 21. Bc1 Bg7 22.
h5 Nd6 23. Rf3 Nxe5 24. fxe5 Nf5 25. Qh2 b4 26. Kf2 Rac8 27. Rh1 Kf8 28. h6 Bh8
29. Bxf5 exf5 30. Qf4 Rc4 31. Bd2 Bxe5 32. Qh4 bxc3 33. Bxc3 Bd6 34. Re1 Rxe1
35. Kxe1 Bb4 36. Qf4 Bxc3+ 37. Rxc3 Rxc3 38. Qd6+ Qe7+ 39. Qxe7+ Kxe7 40. bxc3
f6 0-1

[Event "DEM U18 2006"]
[Site "Willingen GER"]
[Date "2006.06.08"]
[Round "7"]
[White "Hauser, Carlos"]
[Black "Bracker, Frank"]
[Result "1/2-1/2"]
[Termination "normal"]
[Board "9"]
[WhiteElo "2134"]
[BlackElo "2058"]
[PlyCount "119"]
[WhiteFideId "24608238"]
[BlackFideId "24614343"]
[EventCountry "GER"]
[EventRounds "9"]
[EventType "swiss"]
[EventDate "2006.06.03"]

1. d4 Nf6 2. c4 g6 3. Nc3 Bg7 4. e4 d6 5. Nf3 O-O 6. Be2 e5 7. O-O Nc6 8. d5
Ne7 9. b4 a5 10. bxa5 c5 11. dxc6 Nxc6 12. a4 Bg4 13. h3 Bxf3 14. Bxf3 Nxa5 15.
Be2 Nc6 16. Nb5 Nxe4 17. Bf3 Nxf2 18. Rxf2 e4 19. Bb2 Bxb2 20. Rxb2 exf3 21.
Qxf3 Ne5 22. Qxb7 Nxc4 23. Rf2 Qc8 24. Qd5 Qe6 25. Nc7 Qxd5 26. Nxd5 Ra5 27.
Ne7+ Kg7 28. Rc2 Ne5 29. Nc6 Nxc6 30. Rxc6 d5 31. Rd6 Rfa8 32. Rd1 Rxa4 33.
R6xd5 Ra2 34. R5d2 R2a6 35. Rd8 R8a7 36. R8d7 Rxd7 37. Rxd7 Ra2 38. Rb7 Rc2 39.
Kh2 g5 40. Rb4 Kg6 41. h4 h6 42. hxg5 hxg5 43. Kg3 f5 44. Kf3 g4+ 45. Kg3 Kg5
46. Rb5 Rd2 47. Ra5 Kf6 48. Rb5 Ke6 49. Kf4 Rf2+ 50. Kg5 g3 51. Rb3 f4 52. Kg4
Ke5 53. Rb4 Rf1 54. Ra4 Rf2 55. Rb4 Rxg2 56. Rxf4 Rf2 57. Rf3 g2 58. Rg3 Ke4
59. Kh3 Rf3 60. Kxg2 1/2-1/2

[Event "DEM U18 2006"]
[Site "Willingen GER"]
[Date "2006.06.08"]
[Round "7"]
[White "Beller, Julian"]
[Black "Rafiee, Makan"]
[Result "1/2-1/2"]
[Termination "normal"]
[Board "10"]
[WhiteElo "2108"]
[BlackElo "2044"]
[PlyCount "46"]
[WhiteFideId "24625868"]
[BlackFideId "24609340"]
[EventCountry "GER"]
[EventRounds "9"]
[EventType "swiss"]
[EventDate "2006.06.03"]

1. e4 c5 2. Nc3 Nc6 3. g3 g6 4. Bg2 Bg7 5. d3 e6 6. Be3 b6 7. Qd2 Bb7 8. Nh3 d6
9. O-O Qd7 10. f4 Nge7 11. Rae1 O-O 12. Nd1 d5 13. e5 d4 14. Bf2 h5 15. Ng5 Nd5
16. Qe2 Nce7 17. h3 Nf5 18. Kh2 h4 19. Ne4 hxg3+ 20. Bxg3 Qe7 21. c4 Nde3 22.
Nxe3 Nxe3 23. Rg1 Nf5 1/2-1/2

[Event "DEM U18 2006"]
[Site "Willingen GER"]
[Date "2006.06.08"]
[Round "7"]
[White "Kaufmann, Benjamin"]
[Black "Ratkovitch, Dimitri"]
[Result "1/2-1/2"]
[Termination "normal"]
[Board "11"]
[WhiteElo "1940"]
[BlackElo "2083"]
[PlyCount "70"]
[WhiteFideId "24613525"]
[BlackFideId "24608050"]
[EventCountry "GER"]
[EventRounds "9"]
[EventType "swiss"]
[EventDate "2006.06.03"]

1. d4 Nf6 2. g3 g6 3. Bg2 Bg7 4. e4 d6 5. Nc3 O-O 6. Nge2 e5 7. h3 Nbd7 8. Be3
Re8 9. O-O exd4 10. Bxd4 Qe7 11. g4 h6 12. Ng3 Nb6 13. Qd3 Be6 14. b3 c5 15.
Be3 Rad8 16. Nce2 d5 17. e5 Ne4 18. Nxe4 dxe4 19. Qb5 Bxe5 20. Rad1 Rc8 21.
Bxe4 Qh4 22. Bf4 Bxf4 23. Nxf4 Bxg4 24. Ng2 Qxh3 25. Bxb7 Bf3 26. Bxf3 Qxf3 27.
Rd3 Qc6 28. Qa5 Qc7 29. Rfd1 Re7 30. Qd2 h5 31. Qh6 Qe5 32. Nf4 Rce8 33. Rg3
Qg7 34. Qxg7+ Kxg7 35. Nxh5+ Kf8 1/2-1/2

[Event "DEM U18 2006"]
[Site "Willingen GER"]
[Date "2006.06.08"]
[Round "7"]
[White "Jahner, Marius-Florin"]
[Black "Cara, Bogdan"]
[Result "0-1"]
[Termination "normal"]
[Board "12"]
[WhiteElo "1876"]
[BlackElo "2027"]
[PlyCount "49"]
[EventCountry "GER"]
[EventRounds "9"]
[EventType "swiss"]
[EventDate "2006.06.03"]

1. d4 f5 2. e4 fxe4 3. Nc3 Nf6 4. Bg5 c6 5. Bxf6 exf6 6. Nxe4 d5 7. Ng3 Bd6 8.
Bd3 Be6 9. Qd2 Nd7 10. O-O-O Qc7 11. N1e2 g6 12. Rhe1 O-O-O 13. Kb1 Kb8 14. Rc1
Qb6 15. Ka1 c5 16. Nf4 Bf7 17. c4 cxd4 18. Nxd5 Bxd5 19. cxd5 Ne5 20. a3 Qb3
21. Be4 f5 22. Qxd4 fxe4 23. Nxe4 Qd3 24. Qa4 Nf7 25. Rc6 0-1

[Event "DEM U18 2006"]
[Site "Willingen GER"]
[Date "2006.06.08"]
[Round "7"]
[White "Friedrich, Paul-Robert"]
[Black "Grünke, Paul"]
[Result "0-1"]
[Termination "normal"]
[Board "13"]
[WhiteElo "1985"]
[BlackElo "1874"]
[PlyCount "96"]
[WhiteFideId "24616036"]
[BlackFideId "24647802"]
[EventCountry "GER"]
[EventRounds "9"]
[EventType "swiss"]
[EventDate "2006.06.03"]

1. d4 Nf6 2. c4 g6 3. Nc3 Bg7 4. e4 d6 5. Be2 O-O 6. Nf3 e5 7. O-O Nc6 8. d5
Ne7 9. Ne1 Nd7 10. Be3 f5 11. f3 f4 12. Bf2 g5 13. b4 Nf6 14. c5 h5 15. a4 Rf7
16. a5 Ng6 17. cxd6 cxd6 18. Nb5 g4 19. Nxa7 Rxa7 20. Bxa7 g3 21. Rc1 Bd7 22.
Kh1 Nh7 23. Bg1 h4 24. b5 h3 25. Rc2 Nh4 26. Bd3 Qxa5 27. b6 Ng5 28. Qd2 Qa8
29. hxg3 hxg2+ 30. Nxg2 Nxg2 31. Qxg2 Bh3 32. Qf2 Bf8 33. g4 Rh7 34. Bh2 Bxf1
35. Bxf1 Qa1 36. Kg2 Nh3 37. Qd2 Ng5 38. Be2 Qb1 39. Rb2 Qa1 40. Ra2 Qb1 41.
Rb2 Qa1 42. Rc2 Qb1 43. Bg1 Rh3 44. Qd1 Rg3+ 45. Kf1 Nxf3 46. Bf2 Nh2+ 47. Ke1
Qb4+ 48. Rd2 Rb3 0-1